000
00158nam a22000857a 4500
082
_a
823
100
_a
JOY BERRY
245
_a
LETS TALK ABOUT WINNING
942
_c
BK
999
_c
8145
_d
8145